Представление документа в формате RUSMARC

ПолеНазваниеЗначение
  Тип записи a
  Библиографический уровень a
001 Контрольный номер RU/УОНБ/EK_KRAY/320879134
005 Дата корректировки 20250324122539.5
100 Данные общей обработки __
a Данные общей обработки 19980212d1998 u u0rusy0103 ba
101 Язык документа 0_
a Язык текста rus
200 Заглавие и сведения об ответственности 1_
a Заглавие Обломовщина духовная, душевная, телесная
210 Выходные данные 1_
d Дата издания 1998
330 Аннотация __
a Аннотация Роман "Обломов".
463 Уровень физической единицы _0
1 2001
a И.А. Гончаров
e Материалы Междунар. конф., посвящ. 185-летию со дня рождения И.А. Гончарова
v С. 113-124.
1 210
a Ульяновск
d 1998
610 Ключевые слова 0_
a Ключевые слова обломовщина
686 Индексы других классификаций __
a Классификационный индекс 83.3-8
2 Код системы rubbk
700 Автор _1
a Фамилия Дунаев
b Имя (инициалы) М.М.
801 Источник записи _0
a Страна RU
b Организация Ульяновская ОНБ
c Дата составления 19980212
g Правила каталогизации PSBO
801 Источник записи _1
a Страна RU
b Организация Ульяновская ОНБ
c Дата составления 19980212
901 Тип документа __
t Тип документа a
938 Служебная информация __
a Имя БД kraeved_work
b Имя библиотеки УОНБ
c Имя АИБС МАРК-SQL
d Номер DOC_ID в БД 23127